000
00261nam a22001217a 4500
008
170225b xxu||||| |||| 00| 0 eng d
041
_a
eng
080
_a
617
100
_a
5
101
_a
SHK
245
_a
NEW LOOSE-LEAF SURGERY
_c
WHIPPLE, A.O
942
_2
udc
_c
BK
999
_c
6245
_d
6245